LEADER 01016nam0 2200289 450 001 000025958 005 20090603123618.0 010 $a88-430-3499-5 100 $a20090603d2005----km-y0itaa50------ba 101 0 $aita 102 $aIT 200 1 $aBreve storia della grammatica italiana$fSimone Fornara 210 $aRoma$cCarocci$dc2005 215 $a128 p.$d20 cm 225 2 $a<> Bussole$v201 410 0$12001$a<> Bussole$v201 606 1 $aLingua italiana$xGrammatica storica 676 $a455.09$v(21. ed.)$9Lingua italiana. Grammatica. Storia, geografia, persone 700 1$aFornara,$bSimone$0170827 801 0$aIT$bUniversità della Basilicata - B.I.A.$gRICA$2unimarc 912 $a000025958 996 $aBreve storia della grammatica italiana$989877 997 $aUNIBAS BAS $aLETTERE CAT $aMDL$b00$c20090603$lBAS01$h1236 FMT Z30 -1$lBAS01$LBAS01$mBOOK$1BASA1$APolo Storico-Umanistico$2DID$BDidattica$3FP/107931$6107931$5L107931$820090603$f04$FPrestabile Didattica LEADER 01028nam a2200265 i 4500 001 991003124809707536 005 20020509112617.0 008 010704s1985 it ||| | ita 020 $a8814007543 035 $ab11112803-39ule_inst 035 $aPARLA175551$9ExL 040 $aDip.to Filosofia$bita 082 0 $a342.45066 100 1 $aSordi, Bernardo$0141819 245 10$aGiustizia e amministrazione nell'Italia liberale :$bla formazione della nozione di interesse legittimo /$cBernardo Sordi 260 $aMilano :$bGiuffrè,$c1985 300 $a483 p. ;$c23 cm. 490 0 $aPer la storia del pensiero giuridico moderno ;$v20 650 4$aDiritto processuale amministrativo 907 $a.b11112803$b23-02-17$c28-06-02 912 $a991003124809707536 945 $aLE005IF XLIV B 6$g1$iLE005IFA-17028$lle005$o-$pE0.00$q-$rl$s- $t0$u0$v0$w0$x0$y.i11249055$z28-06-02 996 $aGiustizia e amministrazione nell'Italia liberale$9689816 997 $aUNISALENTO 998 $ale005$b01-01-01$cm$da $e-$fita$git $h0$i1